Представление документа в формате RUSMARC

ПолеНазваниеЗначение
  Тип записи i
  Библиографический уровень m
001 Контрольный номер RU/IS/BASE/487866128
005 Дата корректировки 20201216162405.3
010 Индекс ISBN __
d Цена 150-00; 379-69
100 Данные общей обработки __
a Данные общей обработки 19150617d2013||||||| 0rusy0189 ca
101 Язык документа 0_
a Язык текста rus
102 Страна публикации __
a Страна публикации ru|
102 Страна публикации __
a Страна публикации RU
105 Кодированные данные (монография) __
a Кодированные данные (монография) nn|||||||||zy
127 Кодированные данные (звукозаписи-физические характеристики) __
a Продолжительность проигрывания 06 ч 26 мин
200 Заглавие и сведения об ответственности 1_
a Заглавие "Красное по белому"
e Сведения, относящиеся к заглавию [повесть] : аудиокнига
f Первые сведения об ответственности Артур Конан Дойл ; исполняет Аркадий Бухмин
203 Вид содержания и тип средства __
a Вид содержания Устная речь
c Тип средства аудио
210 Выходные данные __
a Место издания Москва
c Издательство Агентство
c Издательство ИДДК
d Дата издания 2013
215 Физическое описание __
a Объем 1 электрон. опт. диск (CD-ROM)
d Формат 12 см
225 Серия __
a Серия Audiobook
300 Общие примечания __
a Общие примечания Заглавие с этикетки диска
300 Общие примечания __
a Общие примечания Формат записи: MP3
330 Аннотация __
a Аннотация Знакомство и первое совместное дело еще пока молодого, но многообещающего сыщика Шерлока Холмса и его компаньона доктора Ватсона. И душещипательная история любви и мести завершившаяся несколькими убийствами в Лондоне, которая поставила в тупик местную полицию.
333 Примечание о целевом назначении __
a Примечание о целевом назначении 12+. Для детей старше 12 лет
337 Примечание о системных требованиях (электронные ресурсы) __
a Примечание о системных требованиях (электронные ресурсы) Системные требования: Pentium 100 MHz ; 16Mb RAM ; 4-х CD-ROM ; звуковая карта SVGA ; Windows 98/ME/XP/2000
606 Тематические рубрики __
a Основная рубрика Художественная литература
606 Тематические рубрики __
a Основная рубрика Литература Европы (произведения)
y Географическая подрубрика Англия
y Географическая подрубрика Великобритания
610 Ключевые слова __
a Ключевые слова английская литература
610 Ключевые слова __
a Ключевые слова детективы
610 Ключевые слова __
a Ключевые слова детективные романы
610 Ключевые слова __
a Ключевые слова Шерлок Холмс
610 Ключевые слова __
a Ключевые слова доктор Ватсон
610 Ключевые слова __
a Ключевые слова самоубийства
610 Ключевые слова __
a Ключевые слова тема расследований
686 Индексы других классификаций __
2 Код системы rubbks
a Классификационный индекс 84(4Вел)53-445я04; ст84(4Вел)-4я0
700 Автор _1
a Фамилия Дойл
b Имя А. К.
f Даты 1859-1930
g Полное личное имя Артур Конан
4 Код отношения 070
702 Вторичная интеллектуальная ответственность _1
a Фамилия Бухмин
b Имя А.
4 Код отношения Прочие
g Полное личное имя Аркадий
4 Код отношения 570
801 Источник записи _0
a Страна ru
b Организация Муниципальное бюджетное учреждение культуры "Централизованная библиотечная система" г. Сургут (Центральная городская библиотека им. А. С. Пушкина)
c Дата составления 20150617
g Правила каталогизации PSBO
801 Источник записи _1
a Страна ru
b Организация Муниципальное бюджетное учреждение культуры "Централизованная библиотечная система" г. Сургут (Центральная городская библиотека им. А. С. Пушкина)
c Дата составления 20150617
g Правила каталогизации PSBO
852 Данные о местонахождении __
j Шифр хранения 84(4Вел)53-445я04
i Авторский знак Д 62
901 Тип документа __
a Ответственный КиК/Котельникова
t Тип документа 0
903 Характеристики (МАРС) __
a Дата передачи 20200520; 20150617
911 __
u 336a=Устная речь
911 __
u 337a=аудио
969 Тип издания __
a Тип издания издание для слепых
a Тип издания аудиокнига
990 Данные о заказе (DOS) __
j Количество экземпляров (DOS) 1; 4
t N записи в КСУ для И/У (DOS) 202004; 201506